000 01029nam a2200265Ia 4500
003 OSt
005 20220923211350.0
006 a|||||r|||| 00| 0
007 ta
008 220922b |||||||| |||| 00| 0 hin d
020 _a9788186208816 (hbk)
_c595
024 _a349,298
037 _b252, 28/01/2019, Eastern Book Linkers
_cTextual
040 _aARTS
_cARTS
_bhin
041 _2hin
_ahin
082 _aNR44, 152Q8
100 _aत्रिपाठी, दिव्या, ले.
245 0 _aसंगीत, आध्यात्म एवं मानव नाड़ी - तंत्र
246 _aSangīta, ādhyātma evan mānav nāड़ī - tantra
260 _aनई दिल्ली
_b राज पब्लिकेशन्स
_c2018
300 _a287पृ.
_ccm.
650 _aसंगीत शास्त्र
942 _hNR44, 152Q8
_cTEXL
_2CC
999 _c298826
_d298826